| 000 | 00939nas a2200313 4500 | ||
|---|---|---|---|
| 001 | BR2011006035 | ||
| 003 | BR-BrBNA | ||
| 005 | 20231205115203.0 | ||
| 007 | ta | ||
| 008 | 230509b bl.|||p| |||| 00| 00por d | ||
| 040 |
_aBR-BrBNA _bpor _cBiblioteca Nacional de Agricultura |
||
| 041 | _a(Pt) | ||
| 072 | _aQ04; J11 | ||
| 100 | 1 | _aBorém, F.M. | |
| 100 | 1 | _aIsquierdo, E.P. | |
| 100 | 1 | _aTaveira, J.H. da S. | |
| 100 | 1 | _aGiomo, G.S. | |
| 100 | 1 | _aBarbosa, J.N. | |
| 245 | 1 | _aInfluência da secagem na qualidade do café | |
| 650 | _aCAFÉ | ||
| 650 | _aCOFFEA ARÁBICA | ||
| 650 | _aSECAGEM | ||
| 650 | _aSECADOR | ||
| 650 | _aMECANIZAÇÃO AGRÍCOLA | ||
| 650 | _aPÓS-COLHEITA | ||
| 773 | 0 |
_tInforme Agropecuário - Empresa de Pesquisa Agropecuária de Minas Gerais (Brazil) _xISSN 0100-3364 _g(Mar-Abr 2011), v. 32(261) p. 76-84 _wBR2011006035 |
|
| 909 |
_a202311 _bLúcia _c55 _dLúcia Elande |
||
| 942 |
_2AGRIS _n0 _cANA |
||
| 999 |
_c212508 _d212508 |
||